[Event "RUS-ch Rapid Men 2018"]
[Site "Sochi"]
[Date "2018.10.06"]
[Round "10"]
[White "Sakaev, Konstantin"]
[Black "Gabrielian, Artur"]
[Result "0-1"]
[WhiteElo "2584"]
[BlackElo "2499"]
[Annotator "ChessBase"]
[PlyCount "80"]
[EventDate "2018.10.05"]
[EventType "swiss"]
[EventCountry "RUS"]
[SourceTitle "playchess.com"]
[Source "ChessBase"]
[SourceQuality "1"]
[TimeControl "900+10"]

1. d4 {[%emt 0:00:00]} Nf6 {[%emt 0:00:00]} 2. c4 {[%emt 0:00:00]} c5 {[%emt 0:00:00]} 3. d5 {[%emt 0:00:00]} e6 {[%emt 0:00:00]} 4. Nc3 {[%emt 0:00:00]} exd5 {[%emt 0:00:00]} 5. cxd5 {[%emt 0:00:00]} d6 {[%emt 0:00:00]} 6. e4 {[%emt 0:00:11]} g6 {[%emt 0:00:00]} 7. Nf3 {[%emt 0:00:14]} Bg7 {[%emt 0:00:00]} 8. Be2 {[%emt 0:00:02]} O-O {[%emt 0:00:01]} 9. Be3 {[%emt 0:00:03]} Bg4 {[%emt 0:01:13]} 10. Nd2 {[%emt 0:00:02]} Bxe2 {[%emt 0:00:04]} 11. Qxe2 {[%emt 0:00:02]} Nbd7 {[%emt 0:00:09]} 12. O-O {[%emt 0:00:06]} Re8 {[%emt 0:00:03]} 13. h3 {[%emt 0:00:19]} a6 {[%emt 0:00:04]} 14. a4 {[%emt 0:00:01]} Rb8 {[%emt 0:00:09]} 15. a5 {[%emt 0:00:35]} Nh5 {[%emt 0:01:33]} 16. g4 {[%emt 0:01:58]} Nhf6 {[%emt 0:00:01]} 17. Bf4 {[%emt 0:00:42]} Ne5 {[%emt 0:01:22]} 18. Bg3 {[%emt 0:00:11]} g5 {[%emt 0:03:03]} 19. Kg2 {[%emt 0:04:10]} Nfd7 {[%emt 0:00:39]} 20. Ra2 {[%emt 0:04:03]} h6 {[%emt 0:04:39]} 21. Nd1 {[%emt 0:00:03]} Ng6 {[%emt 0:00:39]} 22. Bxd6 {[%emt 0:01:29]} Nde5 {[%emt 0:01:08]} 23. Bxe5 {[%emt 0:00:01]} Bxe5 {[%emt 0:00:01]} 24. Kh1 {[%emt 0:00:17]} Bc7 {[%emt 0:00:04]} 25. Ne3 {[%emt 0:00:50]} Bxa5 {[%emt 0:00:31]} 26. f3 {[%emt 0:02:24]} Nf4 {[%emt 0:00:13]} 27. Qh2 {[%emt 0:00:03]} Bc7 {[%emt 0:00:13]} 28. Qf2 {[%emt 0:00:39]} Nxh3 {[%emt 0:00:08]} 29. Qg2 {[%emt 0:00:06]} Nf4 {[%emt 0:00:02]} 30. Qf2 {[%emt 0:00:04]} Qf6 {[%emt 0:01:08]} 31. Nf5 {[%emt 0:00:20]} h5 {[%emt 0:00:17]} 32. gxh5 {[%emt 0:00:08]} Nxh5 {[%emt 0:00:04]} 33. Rg1 {[%emt 0:00:12]} Bf4 {[%emt 0:00:02]} 34. Nc4 {[%emt 0:00:25]} Ng7 {[%emt 0:00:33]} 35. Nce3 {[%emt 0:00:31]} Nxf5 {[%emt 0:00:49]} 36. Nxf5 {[%emt 0:00:02]} Rbd8 {[%emt 0:00:08]} 37. Qh4 {[%emt 0:00:31]} Qg6 {[%emt 0:00:41]} 38. Qg4 {[%emt 0:00:11]} Qh7+ {[%emt 0:00:19]} 39. Kg2 {[%emt 0:00:01]} Qh2+ {[%emt 0:00:11]} 40. Kf1 {[%emt 0:00:01]} Rxd5 {[%emt 0:00:03]} 0-1

[Event "RUS-ch Rapid Men 2018"]
[Site "Sochi"]
[Date "2018.10.06"]
[Round "10"]
[White "Timofeev, Artyom"]
[Black "Sarana, Alexey"]
[Result "1/2-1/2"]
[WhiteElo "2580"]
[BlackElo "2641"]
[Annotator "TA"]
[PlyCount "28"]
[EventDate "2018.10.05"]
[EventType "swiss"]
[EventCountry "RUS"]
[SourceTitle "playchess.com"]
[Source "ChessBase"]
[SourceQuality "1"]

{[%evp 17,28,18,19,0,1,1,0,-11,0,-23,0,-19,7]} 1. Nf3 Nf6 2. g3 d5 3. Bg2 g6 4. d4 c6 5. O-O Bg7 6. Nbd2 O-O 7. Re1 {D02: 1 d4 d5 2 Nf3 sidelines, including 2...Nf6 3 g3 and 2...Nf6 3 Bf4} Bf5 8. Nh4 Be6 9. c3 Nbd7 {LiveBook: 20 Games} 10. h3 $146 ({Predecessor:} 10. e4 dxe4 11. Nxe4 Bd5 12. Nxf6+ Bxf6 13. Nf3 Re8 14. Bf4 Bg7 15. Qc2 e6 16. Rad1 Qb6 {½-½ (49) Balogh,C (2660)-Ruck,R (2568) Bastia 2014}) 10... a5 11. Nhf3 h6 12. a4 Ne4 13. Qb3 Nd6 14. Nf1 Qb6 1/2-1/2

[Event "RUS-ch Rapid Men 2018"]
[Site "Sochi"]
[Date "2018.10.06"]
[Round "10"]
[White "Pridorozhni, Aleksei"]
[Black "Slavin, Alexey"]
[Result "1-0"]
[WhiteElo "2574"]
[BlackElo "2364"]
[Annotator "RC"]
[PlyCount "43"]
[EventDate "2018.10.05"]
[EventType "swiss"]
[EventCountry "RUS"]
[SourceTitle "playchess.com"]
[Source "ChessBase"]
[SourceQuality "1"]
[TimeControl "900+10"]

1. c4 {[%emt 0:00:00]} c5 {[%emt 0:00:00]} 2. Nc3 {[%emt 0:00:00]} Nc6 {[%emt 0:00:00]} 3. g3 {[%emt 0:00:00]} g6 {[%emt 0:00:00]} 4. Bg2 {[%emt 0:00:04]} Bg7 {[%emt 0:00:01]} 5. d3 {[%emt 0:00:04]} d6 {[%emt 0:00:42]} 6. h4 {[%emt 0:00:15]} h6 {[%emt 0:00:18]} 7. Bd2 {[%emt 0:00:17]} e5 {[%emt 0:00:15]} 8. a3 {[%emt 0:00:19]} f5 {[%emt 0:00:49]} 9. b4 {[%emt 0:00:14]} Nf6 {[%emt 0:00:25]} 10. Rb1 {[%emt 0:00:04]} O-O {[%emt 0:00:41]} 11. Nh3 {[%emt 0:00:55]} f4 {[%emt 0:01:07]} 12. gxf4 {[%emt 0:00:28]} Nh5 {[%emt 0:00:02]} 13. bxc5 {[%emt 0:00:38]} dxc5 {[%emt 0:00:41]} 14. Nd5 {[%emt 0:00:05]} Kh8 {[%emt 0:04:27]} 15. fxe5 {[%emt 0:00:52]} Qxh4 {[%emt 0:00:25]} 16. Nhf4 {[%emt 0:04:14]} Nxf4 {[%emt 0:00:06]} 17. Bxf4 {[%emt 0:00:37]} Qg4 {[%emt 0:02:28]} 18. Bf3 {[%emt 0:00:04]} Qf5 {[%emt 0:00:03]} 19. Be4 {[%emt 0:00:30]} Qf7 {[%emt 0:00:02]} 20. Bxh6 {[%emt 0:00:21]} Nxe5 {[%emt 0:01:44]} 21. Bg5+ {[%emt 0:00:09]} Kg8 {[%emt 0:00:18]} 22. Ne7+ {[%emt 0:00:03]} 1-0

[Event "RUS-ch Rapid Men 2018"]
[Site "Sochi"]
[Date "2018.10.06"]
[Round "10"]
[White "Yuffa, Daniil"]
[Black "Smagin, Sergey"]
[Result "1/2-1/2"]
[WhiteElo "2563"]
[BlackElo "2551"]
[Annotator "TA"]
[PlyCount "139"]
[EventDate "2018.10.05"]
[EventType "swiss"]
[EventCountry "RUS"]
[SourceTitle "playchess.com"]
[Source "ChessBase"]
[SourceQuality "1"]

{[%evp 15,139,4,0,0,4,0,0,0,0,-88,-79,-86,-86,-87,-87,-87,-87,-87,-87,-100,-87,-86,-87,-77,-74,-91,-94,-97,-94,-100,-104,-152,49,53,65,9,4,0,0,0,0,-10,45,39,43,44,118,54,62,31,41,0,0,0,0,0,0,0,49,46,50,75,107,72,162,33,245,244,209,0,0,0,0,0,0,0,8,0,0,0,0,0,0,0,0,0,-8,-81,-83,-75,-77,-77,-8,-8,-8,-59,-59,-360,-346,-337,-312,-1201,-1201,-1045,-615,-611,-545,-764,-87,-87,-87,-87,-87,-87,-87,-87,-87,-87,-87,-87,-87,-87,-43,-43,-43,-43]} 1. d4 d5 2. c4 e6 3. Nf3 Nd7 4. Nc3 Ngf6 5. Bg5 c6 6. e3 Qa5 7. Nd2 Bb4 8. Rc1 {D52: Damengambit (Cambridge-Springs-Variante)} Ne4 {LiveBook: 8 Partien} 9. Ndxe4 dxe4 10. Bf4 $146 {Die Stellung ist ausgeglichen.} ({Vorgänger:} 10. c5 Qxa2 11. Qd2 Qa5 12. Bc4 b6 13. O-O bxc5 14. Ra1 Qb6 15. Rfd1 cxd4 16. exd4 {0-1 (39) Lie,K (2563)-Vallejo Pons,F (2660) Heraklio 2007}) 10... Qxa2 11. Qc2 {[#]} e5 $1 {[%mdl 512]} 12. dxe5 (12. Bg3 $11) 12... Nc5 13. Be2 Na4 $36 {[%mdl 2048] Läuft bei Schwarz.} 14. O-O Nxc3 15. bxc3 Qxc2 16. Rxc2 Bc5 17. Ra1 Be6 18. Rb2 O-O-O 19. Kf1 h6 20. h4 Rd7 21. h5 g5 22. hxg6 fxg6 23. Ra5 Be7 $2 (23... b6 $17 24. Ra1 g5) 24. Rxa7 $14 Kb8 25. Ra5 (25. Ra4 $14 g5 26. Bh2) 25... h5 $11 26. c5 Rhd8 27. Ke1 Rd5 28. Rb4 (28. Ra6 {is interesting.} Rxc5 29. Rab6 Rxc3 30. Rxb7+ Ka8 31. f3) 28... Rxc5 ({Lieber} 28... g5 $11 29. Bg3 h4) 29. Rxc5 $14 Bxc5 30. Rxe4 Re8 (30... Kc7 $14) 31. Bh2 (31. Bc4 $16) 31... b5 32. Rf4 {Und weiter mit Tf6 wäre nett.} Be7 $1 33. Bd3 Rg8 34. Bc2 Kb7 35. Rd4 Kb6 36. Rd1 h4 37. f4 Bg4 38. Ra1 Bc5 39. Bg1 $1 Bf5 (39... g5 $16 {war angesagt.}) 40. Ra2 (40. Bxf5 $1 $18 gxf5 41. Kf1) 40... Rf8 $2 ({Besser ist} 40... Be6 $14 41. Rb2 g5) 41. Bxf5 $18 Rxf5 {[%mdl 4096] Endspiel KTL-KTL} 42. Bh2 $2 (42. Ke2 $18) 42... Bxe3 $11 43. Re2 Bc5 $1 44. Kd2 Kc7 45. Kd3 Rf8 46. Ke4 Ra8 47. e6 {Schwarz muss nun f5+ beachten.} Bd6 48. Kf3 Kd8 49. Kg4 Ke7 50. Kg5 Rf8 51. Kxh4 (51. Kxg6 $11 {hält das Gleichgewicht.} Bxf4 52. Bxf4 Rxf4 53. Kg5) 51... Rh8+ 52. Kg3 g5 $1 {[%cal Rg5f4]} 53. Bg1 {[#]} gxf4+ ({Günstiger ist} 53... Rh4 $1 $17) 54. Kf3 $1 Rh6 55. Re4 (55. Bf2 $1 $11) 55... Rxe6 56. Bh2 $2 {[%mdl 8192]} (56. Bf2 $15) 56... Be5 $19 57. c4 b4 {Droht stark ...b3.} 58. c5 $2 (58. Re1) 58... Bc3 59. Rc4 Re1 60. Bxf4 Ke6 61. Re4+ {[#]} Rxe4 $2 (61... Kd5 $1 $19 {und Schwarz behält klar die Oberhand.} 62. Rxe1 Bxe1) 62. Kxe4 {KL-KL} b3 63. Kd3 Bg7 64. g4 Kd5 65. Bd6 Bf6 66. Bf8 Ke6 67. Bh6 Bh8 68. Bd2 b2 69. Kc2 Kd5 70. Bb4 {Precision: Weiß = 45%, Schwarz = 59%.} 1/2-1/2

[Event "RUS-ch Rapid Men 2018"]
[Site "Sochi"]
[Date "2018.10.06"]
[Round "10"]
[White "Bocharov, Dmitry"]
[Black "Morozevich, Alexander"]
[Result "1-0"]
[WhiteElo "2557"]
[BlackElo "2656"]
[Annotator "TA"]
[PlyCount "89"]
[EventDate "2018.10.05"]
[EventType "swiss"]
[EventCountry "RUS"]
[SourceTitle "playchess.com"]
[Source "ChessBase"]
[SourceQuality "1"]

{[%evp 10,89,14,10,24,30,31,39,37,27,38,34,45,34,22,16,66,0,4,0,0,-2,-2,-4,22,6,37,34,31,25,109,108,98,117,100,99,105,24,80,50,57,54,53,62,171,190,294,327,286,287,304,295,393,378,380,357,425,421,444,408,583,577,639,643,583,643,547,540,619,592,640,636,851,810,4814,4798,4722,2152,5518,5219,1656,1618]} 1. Nf3 d5 2. g3 Nc6 3. d4 Bf5 4. Bg2 Nb4 5. Na3 e6 6. O-O h6 {D02: 1 d4 d5 2 Nf3 sidelines, including 2...Nf6 3 g3 and 2...Nf6 3 Bf4} (6... c6 7. c3 Na6 8. Qb3 Qc8 9. Nh4 Be4 10. f3 Bg6 11. Nxg6 hxg6 12. e4 Nf6 13. e5 Nd7 14. f4 {1-0 (51) Grischuk,A (2766)-Duda,J (2737) chess.com INT 2018}) 7. c3 Na6 8. Qb3 Qc8 $146 {White is slightly better.} ({Predecessor:} 8... Rb8 9. c4 Nf6 10. Ne5 c6 11. Nc2 Bd6 12. Ne3 Bh7 13. f4 O-O {½-½ (82) Guramishvili,S (2281)-Gvetadze,S (2377) Tbilisi 2009}) 9. c4 c6 10. Bf4 Nf6 11. Rac1 Be7 12. Nb5 Qd8 13. Nc3 (13. Nc7+ $14 Nxc7 14. Qxb7) 13... Qb6 $11 14. Nd2 $36 {[%mdl 2048] White is more active.} O-O 15. c5 Qxb3 16. Nxb3 Rfc8 17. a3 g5 18. Bd6 Bxd6 19. cxd6 Nb8 {[#]} (19... g4 $11 {remains equal.}) 20. f3 $1 $16 Nbd7 21. e4 Bg6 22. e5 Nh7 23. Nc5 (23. f4 $16) 23... Nhf8 (23... Nxc5 $11 24. dxc5 Nf8) 24. Nxb7 {Strongly threatening Na4.} Rab8 25. Na5 {Na4 is the strong threat.} c5 26. dxc5 Rxc5 (26... Nxc5 $14 27. Nd1 Nd3 28. Rxc8 Rxc8) 27. b4 $18 Rxa5 (27... Rcc8 $142) 28. bxa5 Nxe5 29. f4 gxf4 30. gxf4 Nd3 31. Rb1 Rd8 {[#]} 32. f5 $1 Bxf5 {[#]} (32... exf5 33. Nxd5) 33. Nxd5 $1 {[%mdl 512]} Kg7 (33... exd5 34. Rxf5) 34. Ne7 Bh7 (34... Ng6 $142 35. Nxf5+ exf5 36. Rxf5 Nh4) 35. Rb7 {White is clearly winning.} Rxd6 36. Nc8 Rd7 37. Rxa7 Rxa7 38. Nxa7 Nd7 39. Nc8 N7c5 40. Nd6 f5 41. Nb7 Kf6 42. Nxc5 Nxc5 43. Rc1 Nb3 44. a6 {[%cal Ba5a6,Ba6a7][%mdl 32]} Nxc1 45. a7 {Precision: White = 66%, Black = 30%.} 1-0

[Event "RUS-ch Rapid Men 2018"]
[Site "Sochi"]
[Date "2018.10.06"]
[Round "10"]
[White "Potapov, Pavel"]
[Black "Lysyj, Igor"]
[Result "1-0"]
[WhiteElo "2515"]
[BlackElo "2631"]
[Annotator "TA"]
[PlyCount "101"]
[EventDate "2018.10.05"]
[EventType "swiss"]
[EventCountry "RUS"]
[SourceTitle "playchess.com"]
[Source "ChessBase"]
[SourceQuality "1"]

{[%evp 26,101,-29,-55,-58,-52,-49,-83,-77,-74,-58,-103,-64,-89,-74,-105,-108,-125,-73,-125,-77,-98,-60,-144,-89,-110,-55,-119,-122,-89,-69,-74,-54,-101,-119,-114,-96,-199,-194,-222,-184,-246,-262,-229,-104,-152,-126,-326,0,0,249,250,289,294,267,281,271,283,607,593,575,429,511,494,443,406,248,185,994,960,1610,629,598,557,1010,963,879,854]} 1. Nf3 d5 2. g3 Nf6 3. Bg2 e6 4. O-O Be7 5. d3 O-O 6. Nbd2 c5 7. e4 Nc6 8. e5 Nd7 9. Re1 Qc7 10. Qe2 b5 11. h4 Bb7 12. Nf1 Rfc8 {C00: Französische Verteidigung (Seltene Züge)} 13. Bf4 (13. Bd2 b4 14. N1h2 Qd8 15. Bg5 h6 16. Bxe7 Nxe7 17. Qd2 a5 18. h5 c4 19. Nd4 Nc6 20. Nhf3 Nxd4 21. Nxd4 cxd3 22. cxd3 {1-0 (63) Nepomniachtchi,I (2751)-Dominguez Perez,L (2739) Saint Louis 2017}) 13... a5 {[%cal Ba7a5,Ba5a4][%mdl 32]} 14. N1h2 {LiveBook: 3 Partien} a4 {Schwarz steht etwas besser.} 15. a3 b4 16. h5 h6 17. Ng4 Bf8 $146 ({Vorgänger:} 17... bxa3 18. bxa3 Bf8 19. Qd2 Nd4 {0-1 (19) Krot,A (1541)-Van Bommel,T (1951) LSS email 2013}) 18. Qd2 {[%cal Rf4h6]} Qd8 19. Bxh6 gxh6 20. Nxh6+ Bxh6 21. Qxh6 Qf8 (21... Nd4 $142 22. c4 (22. Ng5 $2 Nf8 $19) 22... bxc3 23. bxc3 (23. Ng5 $2 Nf8 $19) 23... Nxf3+ 24. Bxf3 Rab8) 22. Qg5+ (22. Qf4 $142) 22... Kh8 23. Qf4 Qg8 24. g4 (24. axb4 $15 cxb4 25. Reb1) 24... bxa3 (24... Qg7 $142 25. c3 b3) 25. bxa3 {[#]} Ne7 ({Günstiger ist} 25... Qg7 $1 $17 26. h6 Qg6) 26. Ng5 ({Lieber} 26. Rab1 $15 Bc6 27. c3) 26... Rf8 $17 27. Qd2 Qg7 28. f4 Rg8 29. c3 Bc6 30. d4 Rab8 31. Qc2 (31. Bf3 $17) 31... Rb3 $19 32. Bf1 Rgb8 {Weiss muss nun ...cxd4 beachten.} 33. h6 (33. Re2 $142) 33... Qg8 34. Bd3 Rb2 (34... Nf8 $19 {ist viel giftiger.} 35. Qd2 cxd4 36. cxd4 Neg6) 35. Qc1 $17 Ng6 36. Qe3 $2 (36. Re2 $17 Rxe2 37. Bxe2) 36... Nh4 $2 ({Besser ist} 36... cxd4 $19 37. cxd4 R8b3) 37. Qh3 $1 $11 {[%cal Rh3h4]} Ng2 $2 {[#]} (37... Ng6 $1 $11 {und Schwarz steht sicher.} 38. Qh5 Rd2) 38. Qh5 $1 $18 {[%mdl 512]} Rf8 {[#]} 39. Rf1 $1 f5 40. h7 Qg7 41. Nxe6 Qe7 $2 (41... Qxg4 42. Qxg4 fxg4) 42. Nxf8 Nxf8 43. Bxf5 {zielt auf Tab1 ab.} Nh4 44. Rf2 Rb3 45. Bc2 ({Nicht} 45. Qg5 Qxg5 46. fxg5 Rxc3 $18) 45... Rxc3 46. g5 Nf3+ $2 (46... Bd7) 47. Rxf3 {Weiß steht klar auf Gewinn.} Rxc2 48. f5 (48. g6 $142 Qg7 49. f5) 48... Qxh7 49. Qxh7+ Nxh7 50. Rh3 Kg8 51. Rb1 {Precision: Weiß = 34%, Schwarz = 38%.} 1-0

[Event "RUS-ch Rapid Men 2018"]
[Site "Sochi"]
[Date "2018.10.06"]
[Round "10"]
[White "Khanin, Semen"]
[Black "Antipov, Mikhail Al."]
[Result "1-0"]
[WhiteElo "2510"]
[BlackElo "2593"]
[Annotator "TA"]
[PlyCount "61"]
[EventDate "2018.10.05"]
[EventType "swiss"]
[EventCountry "RUS"]
[SourceTitle "playchess.com"]
[Source "ChessBase"]
[SourceQuality "1"]

{[%evp 10,61,64,17,44,36,46,22,58,0,35,0,20,9,19,24,36,27,25,16,10,27,68,65,70,65,66,77,78,77,106,117,88,109,195,198,274,281,292,297,277,297,264,277,247,197,191,168,307,299,985,722,893,922]} 1. e4 e6 2. d4 d5 3. Nc3 Bb4 4. e5 b6 5. Qg4 Bf8 6. h4 {LiveBook: 46 Games} Ba6 {C16: French: 3 Nc3 Bb4 4 e5: Lines without ...c5} 7. Bxa6 Nxa6 8. Bg5 (8. a3 Qd7 9. h5 c5 10. Nf3 h6 11. Qf4 Ne7 12. Be3 Nf5 13. g4 Nxd4 14. Nxd4 cxd4 15. Bxd4 {½-½ (60) Mozharov,M (2566)-Istratescu,A (2677) Basel 2014}) 8... Qd7 {The position is equal.} 9. Qe2 Nb8 10. h5 h6 11. Be3 $146 (11. Bh4 {looks sharper.} Bb4 12. Qg4 Bxc3+ 13. bxc3 Kf8 14. f4) ({Predecessor:} 11. Bf4 c5 12. Nf3 Nc6 13. O-O-O c4 14. Kd2 a6 15. Ke1 {1-0 (48) Curi,G (2279)-Cao,J (2248) Montevideo 2004}) 11... c5 12. f4 {[%cal Bf2f4,Bf4f5][%mdl 32]} cxd4 13. Bxd4 Nc6 14. Nf3 $36 {[%mdl 2048] White is more active.} Nxd4 15. Nxd4 Ne7 16. O-O-O {[%cal Ba1d1,Bd1d4,Bd4g4][%mdl 32]} Nc6 17. f5 Nxd4 18. Rxd4 O-O-O 19. Rf1 Be7 20. Kb1 Kb8 21. fxe6 fxe6 (21... Qxe6 $16 22. Ra4 a5) 22. Rf7 $18 Rhg8 {[#]} (22... Qe8 $142 23. Rxg7 Rg8) 23. Rg4 $1 Rdf8 24. Rfxg7 (24. Rgxg7 Rxf7 25. Rxg8+ (25. Rxf7 Qe8 $16) 25... Rf8 $16) 24... Qe8 25. a3 Bg5 {[#]} 26. Rxg8 $1 Rxg8 27. Ra4 Rf8 28. Qa6 Qf7 (28... Qd7 {was necessary.}) 29. Nb5 Qf1+ $2 (29... Be3 30. g4 (30. Qxa7+ Qxa7 31. Rxa7 Rf5 $16) (30. Nxa7 Qf1+ 31. Qxf1 Rxf1+ 32. Ka2 Kb7 $16) 30... d4 31. Qxa7+ Qxa7 32. Rxa7 Rf1+ 33. Ka2 Rc1) 30. Ka2 Rf7 31. c4 {Precision: White = 72%, Black = 31%.} 1-0

[Event "RUS-ch Rapid Men 2018"]
[Site "Sochi"]
[Date "2018.10.06"]
[Round "10"]
[White "Moiseenko, Vadim"]
[Black "Rakhmanov, Aleksandr"]
[Result "1-0"]
[WhiteElo "2492"]
[BlackElo "2634"]
[Annotator "TA"]
[PlyCount "171"]
[EventDate "2018.10.05"]
[EventType "swiss"]
[EventCountry "RUS"]
[SourceTitle "playchess.com"]
[Source "ChessBase"]
[SourceQuality "1"]

{[%evp 15,171,10,24,30,17,-19,0,-43,-46,-65,-60,-78,-63,-94,-78,-91,-86,-102,-105,-110,-112,-107,-50,-81,-81,-108,-113,-102,-102,-112,-106,-115,-115,-115,-102,-100,-100,-139,-135,-190,-151,-233,-125,-152,-120,-124,-144,-129,-95,-118,-92,-91,-92,-110,-62,-61,-47,-74,0,-110,-54,-52,-57,-112,-94,-109,-85,-86,-76,-146,-23,-25,-23,-85,-23,-23,21,0,56,57,57,58,391,387,2328,478,485,439,435,429,385,259,259,259,235,189,453,436,477,466,436,285,397,360,590,582,776,612,725,695,1476,1386,1278,1168,1531,1395,1150,1131,606,465,4137,4137,2839,4137,3602,3497,2818,2468,1470,12799,6079,7956,5479,265,2690,265,265,265,265,265,265,265,265,265,265,265,29972,265,265,265,265,265,265,265,265,265,29990,29991]} 1. g3 d5 2. Bg2 g6 3. Nf3 Bg7 4. d4 Nf6 5. O-O O-O 6. Nbd2 c6 {[%cal Bc7c6,Bc6c5][%mdl 32]} 7. c3 Bf5 8. Re1 {D02: 1 d4 d5 2 Nf3 sidelines, including 2...Nf6 3 g3 and 2...Nf6 3 Bf4} (8. Nh4 Bg4 9. Qe1 Nbd7 10. h3 Be6 11. f4 c5 12. g4 Nb6 13. f5 Bd7 14. Ndf3 cxd4 15. cxd4 Ne4 16. Ne5 {½-½ (36) Artemiev,V (2696)-Mamedyarov,S (2791) Sochi 2017}) 8... Qc8 {LiveBook: 5 Games} 9. Nh4 Bh3 10. Bh1 {The position is equal.} Nbd7 $146 ({Predecessor:} 10... Na6 11. e4 dxe4 12. Nxe4 Nxe4 13. Bxe4 Be6 14. Ng2 Re8 {1-0 (52) Fridman,D (2539)-Siebrecht,S (2373) Herford 2000}) 11. f4 c5 12. e3 e6 13. Bf3 h5 14. b3 cxd4 15. cxd4 Qc3 16. Ba3 Rfc8 17. Rc1 Qa5 18. Nb1 Qd8 (18... Ng4 $17 19. Qe2 a6) 19. Nc3 Rc6 20. Na4 Rac8 21. Qd2 Ne4 22. Bxe4 dxe4 23. Rxc6 Rxc6 24. Rc1 Qc8 25. Ng2 Nf6 26. Ne1 Nd5 27. Nc5 (27. Kf2 $17) 27... f5 28. Kf2 (28. Na4 $17) 28... b6 (28... Bf6 $19 29. Na4 Kg7 30. Rxc6 Qxc6) 29. Na4 $17 Rxc1 30. Qxc1 Qa6 {[%csl Gh3][%cal Ra6f1]} 31. Nc2 Bg4 {( -> ...Qe2+)} 32. Qd2 Qd3 33. Bc1 Qb5 $1 34. Nb2 Bf8 {Threatens to win with ...Nc3!} 35. Nc4 h4 36. Ba3 Bh6 (36... Bg7 $17) 37. Bd6 (37. Nb4 $11) 37... Bh5 (37... Qd7 $17 38. Ba3 hxg3+ 39. hxg3 Bg7) 38. gxh4 a5 39. h3 (39. Ne1 $15) 39... Qd7 40. a4 Qd8 41. Kg3 Bg7 42. b4 ({White should try} 42. Ne1) 42... axb4 (42... Bf6 $17 43. Kh2 Bxh4) 43. Nxb4 $11 Bf6 44. Kh2 {[#]} Bxh4 ({Better is} 44... Qd7 $1 $17 45. Be5 Bd8) 45. Be5 $1 Qd7 46. Nxd5 exd5 (46... Qxd5 $11 47. Qb4 (47. Nxb6 $2 Qb3 $19) 47... Bd1) 47. Nxb6 $14 Qc6 $1 {[%cal Rc6b6]} 48. Qb2 Be1 $2 {[%mdl 8192]} ({Black should play} 48... Kh7 $14) 49. Qb3 $18 g5 $2 (49... Bd1 50. Qxd1 Ba5) 50. Qxd5+ (50. Nxd5 $142 Kh7 51. Nf6+ Kh6 52. Ng8+ Kh7 53. fxg5) 50... Qxd5 51. Nxd5 {[%mdl 4096] Endgame KBB-KBN} Bd1 52. fxg5 Bxa4 53. Ne7+ Kf7 54. Nxf5 Kg6 55. Nd6 Bc6 $2 (55... Kxg5 56. Nxe4+ Kf5) 56. Bf4 Bh4 57. Nc4 {Ne5+ is the strong threat.} Kf5 58. Ne5 Be8 59. Kg2 Bh5 $2 (59... Ba4 {might work better.} 60. Nc4 Bb3) 60. Ng4 Ke6 61. Kf1 Be8 {[#]} 62. d5+ $1 {[%cal Bd4d5,Bd5d6][%mdl 32]} Kf5 (62... Kxd5 63. Nf6+) 63. Ke2 Bb5+ 64. Kd2 Bf1 65. d6 {Intending d7 and mate.} Ke6 66. Nf6 Bxh3 67. Nxe4 Bf5 (67... Kd5 $142 68. Nf6+ Ke6) 68. Nc5+ Kf7 69. e4 Bh3 70. Ke2 Bg4+ 71. Ke3 Be1 72. Nd3 Bc3 73. Ne5+ Bxe5 74. Bxe5 {KB-KB} Bh5 $2 (74... Ke6 75. g6 Bh5) 75. Bf6 $2 (75. Kd4 {aiming for Kd5.} Ke6 76. Kc5) 75... Ke6 76. Be7 Be8 77. Kd4 Bg6 78. e5 Kd7 79. Kc5 Bf5 80. Bf6 Kc8 $2 (80... Be4 $18 81. Bd8 Bg6) 81. Kc6 $2 (81. Kd5 {mates} Kd7 {[#]} 82. g6 $1 {[%mdl 512]} Be6+ 83. Ke4 Ke8 84. Bg5 Kd7 85. Bh6 Bg4 86. Kf4) 81... Be4+ 82. Kb6 {e6 would kill now.} Bf5 83. g6 {[%cal Bg5g6,Bg6g7][%mdl 32] Threatening mate with g7.} Kd7 84. g7 Be6 85. Kc5 Ke8 $2 (85... Bf7 $18 86. Kd4 Bg8) 86. Kc6 {Precision: White = 55%, Black = 43%.} 1-0